| 000 | 003330000a22001450004500 | ||
|---|---|---|---|
| 003 | MACL | ||
| 040 | _aMACL | ||
| 090 |
_c33812 _d33810 |
||
| 100 | _aNagpal, Joy | ||
| 245 | _aFoxPro The Art of Vesual Programming | ||
| 260 |
_bBPB Computer Course _c1992 |
||
| 350 | _a99 | ||
| 650 | _aComputer probraming | ||
| 942 |
_cBOOK _k005.13/che |
||
| 999 |
_c33457 _d33457 |
||